000 00672nam a22002297a 4500
001 32717
003 UA-OsUOA
005 20220527143908.0
007 ta
008 20050210b un ||||| |||| 00| 0 ukr d
040 _aUA-OsUOA
_brus
_cUA-OsUOA
_dUA-OsUOA
041 _arus
044 _aRU
080 _a821.("47+57")
090 _a821.("47+57")
_bП62
245 _aПоэзия народов СССР XIX – начала XX века
_cвступ. статья А. Арутюнов
260 _aМосква
_bХудожественная литература
_c1977
300 _a832 с.
_bІлюстрації
650 7 _2UDC
942 _cBK
_2udc
955 _a0
999 _c319168
_d319168